Right's and the 'Left' West Bengal 1977-2011 / (Record no. 103951)

MARC details
000 -LEADER
fixed length control field 00573nam a22001937a 4500
005 - DATE AND TIME OF LATEST TRANSACTION
control field 20161010102655.0
010 ## - LCCN (DPL NO)
LC control number ENG-116194
020 ## - INTERNATIONAL STANDARD BOOK NUMBER
International Standard Book Number 9789380677767
Terms of availability 450.00
035 ## - SYSTEM CONTROL NUMBER
System control number EN-99726
037 ## - SOURCE OF ACQUISITION
Source of stock number/acquisition DBAD/PUB
082 ## - DEWEY DECIMAL CLASSIFICATION NUMBER
Classification number 320.5095414
100 ## - MAIN ENTRY--PERSONAL NAME
Personal name Dutta,Nilanjan
245 ## - TITLE STATEMENT
Title Right's and the 'Left' West Bengal 1977-2011 /
Remainder of title by Nilanjan Dutta
260 ## - PUBLICATION, DISTRIBUTION, ETC. (IMPRINT)
Place of publication, distribution, etc Kolkata
Name of publisher, distributor, etc Setu Prakashni
Date of publication, distribution, etc 2015
270 ## - ADDRESS
Address 12/A Sankar Ghosh Lane
City Kolkata
Postal code 700006
300 ## - PHYSICAL DESCRIPTION
Extent x,246p.
Other physical details 21cm(pbk)
500 ## - GENERAL NOTE
General note Includes index
942 ## - ADDED ENTRY ELEMENTS (KOHA)
Source of classification or shelving scheme Dewey Decimal Classification
Item type English Books
Classification part 320.5095414
Call number suffix DUT
Holdings
Withdrawn status Lost status Not for loan Collection code Home library Current library Date acquired Source of acquisition Cost, normal purchase price Full call number Barcode Copy number Cost, replacement price Koha item type
      Non-fiction Shahdara Branch Shahdara Branch 07/10/2016 DBAD/PUB 450.00 320.5095414 DUT EN-99726 1 450.00 English Books

© Delhi Public Library
Hit Counter
free hit counter